Farkas János Információs vagy tudástársadalom?

Elmentve itt :
Bibliográfiai részletek
Szerző: Faragó Péter
Adatforrás:Philobibl
Forrásdokumentuma:Magyar Tudomány 48
2003. 4., 539-540.p. p.
Dokumentumtípus: Cikk
Nyelv:magyar
LEADER 00311nab a2200097 c 4500
001 bibDOK00028258
005 20200924122317.6
008 060518s2003 hu hun
100 1 |a Faragó Péter 
245 1 0 |a Farkas János Információs vagy tudástársadalom?  |c Faragó Péter 
773 0 |t Magyar Tudomány 48  |g 2003. 4., 539-540.p. p.